MARC

Tag First Indicator Second Indicator Subfields
LEADER 00000cam a2200000Mi 4500
001 in00005659075
006 m o d
007 cr |n|---|||||
008 151209t19991999flua ob 000 0 eng d
005 20250812150152.7
035 |a (OCoLC)on1144861261 
040 |a SFB  |b eng  |e rda  |e pn  |c SFB  |d OCLCO  |d OCLCQ  |d U3G  |d OCLCF  |d KIJ  |d QGK  |d OCLCO  |d OCLCQ  |d OCLCO  |d OCLCL 
019 |a 1086918226 
020 |a 0429248369 
020 |a 9780429248368 
020 |a 1420048813 
020 |a 9781420048810 
020 |a 9780849370076 
020 |a 0849370078 
035 |a (OCoLC)1144861261  |z (OCoLC)1086918226 
050 4 |a HV6074  |b .A84 1999 
082 0 4 |a 363.258 
049 |a TXAM 
245 0 0 |a Quantitative-qualitative friction ridge analysis :  |b an introduction to basic and advanced ridgeology /  |c David R. Ashbaugh. 
264 1 |a Boca Raton, Florida :  |b CRC Press, an imprint of Taylor & Francis Group,  |c 1999. 
264 4 |c ©1999 
300 |a 1 online resource (248 pages) 
336 |a text  |b txt  |2 rdacontent 
337 |a computer  |b c  |2 rdamedia 
338 |a online resource  |b cr  |2 rdacarrier 
490 1 |a CRC Series in Practical Aspects of Criminal and Forensic Investigations 
588 0 |a Print version record. 
546 |a English. 
504 |a Includes bibliographical references. 
505 0 |a Chapter 1 Introduction -- chapter 2 The History of Friction Ridge Identification -- chapter 3 The Friction Ridge Medium -- chapter The Chapter 4. Identification Process -- chapter 5 Poroscopy and Edgeoscopy -- chapter 6 Friction Ridge Analysis Report -- chapter 7 Ridgeology Formula -- chapter 8 An Introduction to Palmar Flexion Crease Identification -- chapter 9 The Beginning. 
650 0 |a Fingerprints. 
650 0 |a Fingerprints  |v Identification. 
650 0 |a Fingerprints  |v Classification. 
650 0 |a Criminals  |v Identification. 
650 0 |a Forensic sciences. 
650 6 |a Empreintes digitales. 
650 6 |a Empreintes digitales  |v Identification. 
650 6 |a Empreintes digitales  |v Classification. 
650 6 |a Criminels  |v Identification. 
650 6 |a Criminalistique. 
650 7 |a dactyloscopy.  |2 aat 
650 7 |a fingerprints.  |2 aat 
650 7 |a forensic science.  |2 aat 
650 7 |a Criminals  |x Identification  |2 fast 
650 7 |a Fingerprints  |2 fast 
650 7 |a Forensic sciences  |2 fast 
655 7 |a Electronic books.  |2 local 
655 7 |a Classification  |2 fast 
655 7 |a Field guides  |2 fast 
710 2 |a Taylor & Francis. 
758 |i has work:  |a Quantitative-qualitative friction ridge analysis (Text)  |1 https://id.oclc.org/worldcat/entity/E39PCGTkxgwHhY6fG77BHQftYX  |4 https://id.oclc.org/worldcat/ontology/hasWork 
776 0 |z 0849370078 
830 0 |a CRC series in practical aspects of criminal and forensic investigations. 
856 4 0 |u http://proxy.library.tamu.edu/login?url=https://www.taylorfrancis.com/books/9780429248368  |z Connect to the full text of this electronic book  |t 0 
955 |a Taylor and Francis FORENSICnetBASE / LAWENFORCEMENTnetBASE 
994 |a 92  |b TXA 
999 f f |s 05817a32-8034-4996-940b-bd7e3b0b14c6  |i 90c99c55-4cea-4097-95a8-9cee58a63378  |t 0 
952 f f |a Texas A&M University  |b College Station  |c Electronic Resources  |d Available Online  |t 0  |e HV6074 .A84 1999  |h Library of Congress classification 
998 f f |a HV6074 .A84 1999  |t 0  |l Available Online